| 000 | 00546nam a2200169Ia 4500 | ||
|---|---|---|---|
| 003 | GCL | ||
| 005 | 20240530104102.0 | ||
| 008 | 140319s9999 xx 000 0 ara d | ||
| 040 |
_aGCL / _cGCL |
||
| 082 | 0 | 4 |
_a932.033/ _221 _bق/أ ن |
| 100 | 1 | _aالحسين مصطفى صالح | |
| 245 | 1 | 0 |
_aنهاية مدينة فرعونية / _cتاليف الحسين مصطفى صالح |
| 260 |
_a[S.N] : _bمكتبة مدبولى |
||
| 650 | 0 | 4 | _aالحضارة الفرعونية |
| 650 | 0 | 4 | _aمصر القديمة - تاريخ |
| 942 |
_2ddc _cBK |
||
| 999 |
_c44514 _d44514 |
||